000 01888nam a2200481 4500
999 _c22977
_d22977
001 vtls012018501
005 20211029115804.0
008 210317s2020 xo o g 000 0dslo
020 _a9788089791170
_q(brožované)
040 _aTTKJF
_bslo
_dTTKJF
_erda
_crda
041 0 _aslo
044 _axo
_cSK
072 7 _a061.2
_xMimovládne organizácie a kooperácia
_2konspekt
080 _a061.2
_22011
080 _a334
_22011
080 _a343.851:343.35
_22011
080 _a(437.6)
_22011
080 _a(048.8:082)
_22011
100 1 _aKostelanský, Ľuboš
_4aut
_92188
245 1 _aMoc korupcie
_bzákulisie nášho boja za lepšie Slovensko
_cĽuboš Kostelanský, Michal Piško, Gabriel Šípoš
250 _a1. vydanie
264 1 _a[Bratislava]
_bTransparency International Slovensko
_c2020
300 _a207 strán
_bfotografie
_c24 cm
336 _atext
_btxt
_2rdacontent
337 _abez média
_bn
_2rdamedia
338 _azväzok
_bnc
_2rdacarrier
500 _aObsahuje biografické údaje niektorých zakladateľov a spolupracovníkov Transparency International Slovensko
610 1 0 _aTransparency International Slovensko
_2SNKPH
_92189
648 7 _aod 1998
_2SNKPH
_92190
650 0 7 _amimovládne organizácie
_2SNKPH
_92191
650 0 7 _aboj proti korupcii
_2SNKPH
_92192
650 0 7 _aneziskové organizácie
_2SNKPH
_92193
650 0 7 _aNon-governmental institutions and organizations
_2SNKPHeng
_92194
650 0 7 _aPrevention of corruption
_2SNKPHeng
_92195
650 0 7 _aNonprofit organizations
_2SNKPHeng
_92196
651 7 _aSlovensko
_2SNKPH
_91613
651 7 _aSlovakia
_2SNKPHeng
_91614
655 7 _akolektívne monografie
_2SNKPH
_92197
655 7 _aCollective monographs
_2SNKPHeng
_92198
700 1 _aPiško, Michal
_4aut
_92199
700 1 _aŠípoš, Gabriel,
_d1974-
_4aut
_92200